000 00497nam a2200169 a 4500
001 000027620
005 20200930030952.0
008 110401s1979 dr 000 0 spa d
040 _aDO-SdBNP
_bspa
_cBNPHU
100 1 _aTejera Rosa, Ramón
_954709
245 1 0 _aEsta tierra que somos... /
_cRamón Tejera Rosa.
260 _aSanto Dominto :
_bEditora Taller,
_c1979.
300 _a47 p. ;
_c22 cm.
490 1 _aBiblioteca Taller
_v104
830 0 _aBiblioteca Taller
_n104
_954710
049 _aBNPD
999 _c27112
_d27112